000 nam a22 7a 4500
999 _c53110
_d53110
003 OSt
005 20220716093511.0
008 220716b xxu||||| |||| 00| 0 eng d
040 _cIIMT UNIVERSITY MEERUT
100 _aSATI , RADHA VALLAB
245 _aABHINAVA SALYA-VIJNANA VOL-2
250 _a1 ST
260 _aVARANASI
_bCHAUKHAMBA
_c2011
300 _a782
942 _2ddc
_c01